The new evolutionary economics / (Record no. 170791)
[ view plain ]
| 000 -LEADER | |
|---|---|
| fixed length control field | 01062cam a2200277 i 4500 |
| 001 - CONTROL NUMBER | |
| control field | 17877825 |
| 003 - CONTROL NUMBER IDENTIFIER | |
| control field | OSt |
| 005 - DATE AND TIME OF LATEST TRANSACTION | |
| control field | 20240223091624.0 |
| 008 - FIXED-LENGTH DATA ELEMENTS--GENERAL INFORMATION | |
| fixed length control field | 130906s2014 enk b 000 0 eng |
| 020 ## - INTERNATIONAL STANDARD BOOK NUMBER | |
| International Standard Book Number | 9781843768159 |
| Qualifying information | (v. 2) |
| 040 ## - CATALOGING SOURCE | |
| Original cataloging agency | NUST |
| Language of cataloging | eng |
| Description conventions | rda |
| Transcribing agency | NUST |
| Modifying agency | NUST |
| 050 00 - LIBRARY OF CONGRESS CALL NUMBER | |
| Classification number | HB97.3 NEW |
| 100 ## - MAIN ENTRY--PERSONAL NAME | |
| Relator term | Editor |
| Fuller form of name | Kurt Dopfer |
| 245 04 - TITLE STATEMENT | |
| Title | The new evolutionary economics / |
| Statement of responsibility, etc. | edited by Kurt Dopfer, Professor Emeritus of Economics, University of St. Gallen, Switzerland and Jason Potts, Principal Research Fellow, RMIT University, Australia. |
| 260 ## - PUBLICATION, DISTRIBUTION, ETC. | |
| Place of publication, distribution, etc. | Cheltenham, UK ;Northampton, Massachusetts : |
| Name of publisher, distributor, etc. | Edward Elgar Publishing Limited, |
| Date of publication, distribution, etc. | [©2014] |
| 300 ## - PHYSICAL DESCRIPTION | |
| Extent | 3 volumes ; |
| Dimensions | 25 cm. |
| 336 ## - CONTENT TYPE | |
| Content type term | text |
| Content type code | txt |
| Source | rdacontent |
| 337 ## - MEDIA TYPE | |
| Media type term | unmediated |
| Media type code | n |
| Source | rdamedia |
| 338 ## - CARRIER TYPE | |
| Carrier type term | volume |
| Carrier type code | nc |
| Source | rdacarrier |
| 504 ## - BIBLIOGRAPHY, ETC. NOTE | |
| Bibliography, etc. note | Includes bibliographical references. |
| 650 #0 - SUBJECT ADDED ENTRY--TOPICAL TERM | |
| Topical term or geographic name entry element | Evolutionary economics. |
| 650 #0 - SUBJECT ADDED ENTRY--TOPICAL TERM | |
| Source of heading or term | Economy |
| 700 1# - ADDED ENTRY--PERSONAL NAME | |
| Personal name | Dopfer, Kurt, |
| Relator term | editor. |
| 700 1# - ADDED ENTRY--PERSONAL NAME | |
| Personal name | Potts, Jason, |
| Dates associated with a name | 1972- |
| Relator term | editor. |
| 942 ## - ADDED ENTRY ELEMENTS (KOHA) | |
| Source of classification or shelving scheme | Library of Congress Classification |
| Koha item type | Ordinary Loan Books |
| Classification part | HB97.3 DOP |
| Call number prefix | HB |
| Call number suffix | DOP |
| Suppress in OPAC | No |
| Withdrawn status | Lost status | Source of classification or shelving scheme | Damaged status | Not for loan | Collection | Home library | Current library | Shelving location | Date acquired | Source of acquisition | Cost, normal purchase price | Total Checkouts | Full call number | Barcode | Date last seen | Accession number | Cost, replacement price | Price effective from | Koha item type | Public note |
|---|---|---|---|---|---|---|---|---|---|---|---|---|---|---|---|---|---|---|---|---|
| LCC | NFIC | MAIN | MAIN | Gen | 09/22/2023 | Book Aid International | 59.00 | HB97.3 DOP | 92004054113 | 02/12/2024 | 60947 | 59.00 | 09/22/2023 | BOOKS | Donation |